Haciendas Locales : Real Decreto Legislativo 2/2004 de 5 de marzo : Catastro Inmobiliario : Real Decreta Legislativo 1/2004, de 5 de marzo : textos refundidos Real Decreto Legislativo 2/2004 de 5 de marzo :
ISBN:
84-340-1507-2
Descripción Física:
253 p. ; 20 cm
Colección:
Separata
Otros Autores:
Espanya. Ministerio de la Presidencia
MARC
| LEADER | 00000nam a2200000Ia 4500 | ||
|---|---|---|---|
| 001 | 19473 | ||
| 008 | 160829s2003 xx 000 0 cat d | ||
| 020 | |a 84-340-1507-2 | ||
| 080 | |a D-3-175 | ||
| 100 | |a Espanya. Lleis, etc. |9 23269 | ||
| 245 | |a Haciendas Locales : |b Real Decreto Legislativo 2/2004 de 5 de marzo : |b Catastro Inmobiliario : |b Real Decreta Legislativo 1/2004, de 5 de marzo : |b textos refundidos | ||
| 260 | |a Madrid : |b Boletín Oficial del Estado : |b Ministerio de la Presidencia, |c 2003 | ||
| 300 | |a 253 p. ; |c 20 cm | ||
| 490 | |a Separata | ||
| 650 | 0 | |a Finances locals |x Dret i legislació |x Espanya |9 23875 | |
| 650 | |a Cadastres de finques |x Dret i legislació |x Espanya |9 27519 | ||
| 700 | |a Espanya. Ministerio de la Presidencia |9 27521 | ||
| 710 | 1 | |a Boletín Oficial del Estado (BOE) (Espanya) |9 54801 | |
| 901 | |a Arxiu | ||
| 942 | |n 1 | ||
| 952 | |0 1 |1 0 |2 udc |4 0 |5 2 |6 D3175 |7 1 |9 44421 |a Arxiu |b Arxiu |d 2016-12-01 |l 0 |o D-3-175 |p 19473 |r 2016-12-01 00:00:00 |w 2016-12-01 |y ARXIU | ||
| 999 | |c 47002 |d 47002 | ||